Nihon joshi yōsō no genryū to gendai e no tenkai,
Saved in:
| Main Author: | |
|---|---|
| Format: | Book |
| Language: | Japanese |
| Published: |
[Tōkyō]
Kasei Kyōikusha
[1968]
|
| Subjects: | |
| Tags: |
Add Tag
No Tags, Be the first to tag this record!
|
| LEADER | 00905nam a2200265 4500 | ||
|---|---|---|---|
| 001 | 007721103-0 | ||
| 005 | 20024617115958.0 | ||
| 008 | 900320s1968 ja ac b 000 0 jpn | ||
| 010 | |a 70804046 | ||
| 035 | 0 | |a ocm21244551 | |
| 035 | 0 | |a ocm21244551 |z ocm33574698 | |
| 040 | |a DLC |c CLU |d *YNH* |d CStRLIN | ||
| 050 | 0 | |a GT1560 |b .I78 | |
| 100 | 1 | |6 880-01 |a Ishikawa, Ayako, |d 1909- | |
| 245 | 1 | 0 | |6 880-02 |a Nihon joshi yōsō no genryū to gendai e no tenkai, |c Ishikawa Ayako cho. |
| 260 | |6 880-03 |a [Tōkyō] |b Kasei Kyōikusha |c [1968] | ||
| 300 | |a 340 p. |b illus., ports. |c 27 cm. | ||
| 504 | |a Bibliography: p. 329-334. | ||
| 650 | 0 | |a Costume |z Japan. | |
| 650 | 0 | |a Fashion |x Pictorial works. | |
| 880 | 1 | |6 100-01 |a 石川綾子, |d 1909- | |
| 880 | 1 | 0 | |6 245-02 |a 日本女子洋裝の源流と現代への展開, |c 石川綾子著. |
| 880 | |6 260-03 |a [東京] |b 家政敎育社 |c [1968] | ||
| 988 | |a 20021214 | ||
| 906 | |0 DLC | ||


